UNDERSTANDING COMPUTERS AND INFORMATION PROCESSING: TODAY AND TOMORROW (Record no. 126363)

MARC details
000 -LEADER
fixed length control field 00331pam a2200121 a 4500
020 ## - INTERNATIONAL STANDARD BOOK NUMBER
International Standard Book Number 0-03-030909-3
Terms of availability
041 ## - LANGUAGE CODE
Language code of original
082 ## - DEWEY DECIMAL CLASSIFICATION NUMBER
Classification number 004
Item number PAR
100 ## - MAIN ENTRY--PERSONAL NAME
Personal name PARKER C.S.,
245 ## - TITLE STATEMENT
Title UNDERSTANDING COMPUTERS AND INFORMATION PROCESSING: TODAY AND TOMORROW
Medium Textual Documents
260 ## - PUBLICATION, DISTRIBUTION, ETC.
Place of publication, distribution, etc. CHICAGO
Name of publisher, distributor, etc. DRYDEN PRESS
Date of publication, distribution, etc. 1990
930 ## - EQUIVALENCE OR CROSS-REFERENCE-UNIFORM TITLE HEADING [LOCAL, CANADA]
Uniform title 6899
Holdings
Withdrawn status Lost status Damaged status Not for loan Collection Home library Current library Date acquired Total Checkouts Full call number Barcode Date last seen Copy number Price effective from Koha item type
          Institute of Management & Entrepreneurship Development, Pune Institute of Management & Entrepreneurship Development, Pune 18/04/2011   004 PAR IMP-IM-751 01/03/2023 1 01/03/2023 Book